000 09956nam a22006257a 4500
005 20100222103932.0
008 100222t xxu||||| |||| 00| 0 hin d
020 _a9789380183008
_c175.00
037 _bज्ञान गंगा/ PUB
040 _aDPL
_bHN
082 _a510.92
100 _aश्रीवास्तव, प्रीति
_924428
245 _aभारत के महान गणितज्ञ /
_cप्रीति श्रीवास्तव एवं महेश शर्मा
260 _aदिल्ली
_bज्ञान गंगा
_c2009
270 _a205-सी, चावड़ी बाजार
_bदिल्ली
_e110006
300 _a143पृ
_c22सेमी (सजिल्द)
700 _aशर्मा, महेश
_9963
942 _2ddc
_cHN
_mश्रीवास्त
_h510.92
999 _c34225
_d34225